| 000 | 00480nam a2200157Ia 4500 | ||
|---|---|---|---|
| 008 | 180901s9999 xx 000 0 und d | ||
| 020 | _a9780323353243 | ||
| 100 | _aEisenberg,Ronald L. | ||
| 245 |
_cRonald L. Eisenberg, Nancy M. Johnson.-- _aComprehensive radiographic pathology / |
||
| 250 | _a6th ed | ||
| 260 |
_aUSA : _bElsevier _c2016 |
||
| 300 |
_axi, 458 pages : _billustrations. |
||
| 500 | _aIncludes index. | ||
| 650 | _aPathology. | ||
| 650 | _aRadiography-- methods. | ||
| 999 |
_c358493 _d358493 |
||